| 000 | 00991cam a22001814a 4500 | ||
|---|---|---|---|
| 005 | 20250605164347.0 | ||
| 008 | 250528s ||||||||||||||||||||||||d | ||
| 035 | _a23960 | ||
| 040 |
_aGR-AtMCL _bgre _dGR-AtMCL _eAACR2 |
||
| 245 | 1 | _aΟ Καταναλωτής Πρωταγωνιστεί σε Στρατηγική και Επικοινωνία / Ήρω-Cream | |
| 260 | _c2019 | ||
| 520 | _a'Απενοχοποίηση' της Απόλαυσης και Experiential Επικοινωνία, Ένα 'Αχαρτογράφητο' Τοπίο με Οδηγό το Instagram και τους Νέους, Παρουσιάζοντας τις Διεθνείς Τάσεις στο Management, Μετατρέψτε τους Πελάτες στην Marketing Ομάδα σας, Το Μέλλον είναι στο Cloud... και το Marketing!. | ||
| 700 | 1 |
_aΜπούσιας Μιχάλης Κ _99357 |
|
| 942 | _cCR | ||
| 710 | 2 |
_aThe Marketing Week _99825 |
|
| 999 |
_c8871 _d8871 |
||